000 00575nam a2200169 a 4500
008 120416s1990 ||||||||||||||||| || u
020 _a0419138307
050 _aTA 683.2 Mac
100 _aMcGinley, Thomas Joseph
245 1 0 _aReinforced concrete design
246 _adesign theory and examples
250 _a2nd ed.
260 _aLondon
_bChapman & Hall
_c1990
300 _axvi, 520p. : ill.
350 _a0.00
995 _D0.00
_FCBU-MAIN LIBRARY (Kitwe)
_H1
_I15.95
_UAVAILABLE
_ZMain Library Open Access Collection
999 _c55983
_d55983